Harrison's Principles of Internal Medicine..(Shifted to Lending Library Section) (Record no. 17779)
| 000 -LEADER | |
|---|---|
| fixed length control field | 00266nam a2200109Ia 4500 |
| 100 ## - MAIN ENTRY--AUTHOR NAME | |
| Personal name | Wilson |
| 245 #0 - TITLE STATEMENT | |
| Title | Harrison's Principles of Internal Medicine..(Shifted to Lending Library Section) |
| 250 ## - EDITION STATEMENT | |
| Edition statement | 27th ED |
| 260 ## - PUBLICATION, DISTRIBUTION, ETC. (IMPRINT) | |
| Year of publication | 2006 |
| 650 ## - SUBJECT ADDED ENTRY--TOPICAL TERM | |
| Topical Term | Medicine |
| 942 ## - ADDED ENTRY ELEMENTS (KOHA) | |
| Koha item type | Books |
| Withdrawn status | Lost status | Permanent Location | Current Location | Date acquired | Accession Number | Koha item type |
|---|---|---|---|---|---|---|
| Central Library Main Campus PUMHSW Nawabshah (SBA) | Reference Section (PUMHS Central Library) | 2019-02-21 | 16757 Ref | Books |